Statistics for Hovedsteder

Click here to take the quiz!

General Stats

  • This quiz has been taken 551 times
  • The average score is 13 of 15

Answer Stats

HintAnswer% Correct
Sverigestockholm
100%
Norgeoslo
100%
Finlandhelsinki
97%
Frankrikeparis
95%
Danmarkkøbenhavn
94%
Tysklandberlin
93%
Nederlandamsterdam
92%
Islandreykjavik
91%
Russlandmoskva
91%
Luxembourgluxembourg
89%
Spaniamadrid
89%
Belgiabrussel
85%
Latviariga
82%
Estlandtallinn
70%
Litauenvilnius
68%

Score Distribution

Percentile by Number Answered

Percent of People with Each Score

Your Score History

You have not taken this quiz